00492nam a2200181 a 4500001001300000003000900013005001700022008004100039020001000080082001500090100002700105245002900132260003600161500003500197505003100232650002000263700002700283nice12345678IN_TiNIC20260116011757.0050524s0000 dela grp 000 0 urd  ac10000a297.2bKAF aKafayatullah, Mohammad aTalim-Ul-Islamb 4 Parts aDelhibKutub Khana Aziziac0000 aincludes index and biblioraphy2 a4 parts, bound in one vol. aIslam-Doctrines1 aKafayatullah, Mohammad